Normal view
MARC view
Entry Término temático
001 - NÚMERO DE CONTROL
- campo de control: 137707
003 - IDENTIFICADOR DEL NÚMERO DE CONTROL
- campo de control: OSt
005 - FECHA Y HORA DE LA ÚLTIMA TRANSACCIÓN
- campo de control: 20220127155833.0
008 - DATOS DE LONGITUD FIJA
- campo de control de longitud fija: 220127|| aca||aabn | a|a d
040 ## - FUENTE DE LA CATALOGACIÓN
- Centro catalogador/agencia de origen: OSt
- Centro/agencia transcriptor: OSt
150 ## - ENCABEZAMIENTO--TÉRMINO DE MATERIA
- Término de materia o nombre geográfico como elemento de entrada: Plantas forrajeras
- Subdivisión general: Trópico I. UACH. Departamento de Zootecnia II. t. III. Zamora Murrieta, Rogelio
670 ## - FUENTE DE DATOS ENCONTRADOS
- Cita de la fuente: Work cat.: (OSt)163542: Pedraza Rubio, Adalberto 86543, Evaluación de la germinación de especies forrajeras tropicales en relación con la edad de la semilla /, 1996
